Economic analysis of law review Revista de análise econômica do direito.

Bibliographic Details
Corporate Author: Universidade Católica de Brasília
Format: Electronic Journal
Language:Portuguese
English
Spanish
Published: [Brasília] : Universidade Católica de Brasília, 2010-
Subjects:
Online Access:Full text available from Research Library: 01/01/2011 to present

MARC

LEADER 00000nas a2200000 i 4500
001 ssj0000766814
003 WaSeSS
005 20200512172242.0
006 m d
007 cr n
008 110707c20109999bl fr p s 0 0por c
010 |a  2012269025 
022 |a 2178-0587 
035 |a (WaSeSS)ssj0000766814 
040 |a AU@  |b eng  |c AU@  |d UTV  |d OCLCQ  |d CUI  |d OCLCQ  |d CUS  |d OCLCF  |d OCLCQ  |d OCLCO  |d OCLCQ  |d WaSeSS 
041 0 |a por  |a eng  |a spa 
042 |a pcc 
050 4 |a K487.E3A162 
245 0 0 |a Economic analysis of law review  |h [electronic resource] =  |b Revista de análise econômica do direito. 
246 3 1 |a Revista de análise econômica do direito 
246 3 |a EALR 
260 |a [Brasília] :  |b Universidade Católica de Brasília,  |c 2010- 
310 |a Semiannual 
362 1 |a Began with vol. 1, no 1 (2010). 
500 |a Title from content provider. 
506 |a License restrictions may limit access. 
546 |a Portuguese, English, and Spanish. 
588 |a Description based on: Vol. 1, no 1 (2010); title from journal home page (publisher's Web site, viewed April 5, 2012). 
588 |a Latest issue consulted: Vol. 3, no 2 (2012) (publisher's Web site, viewed May 10, 2013). 
650 0 |a Law and economics  |v Periodicals. 
650 7 |a Law and economics.  |2 fast  |0 (OCoLC)fst00993900 
655 0 |a Electronic journals. 
710 2 |a Universidade Católica de Brasília. 
856 4 0 |z Full text available from Research Library: 01/01/2011 to present  |u https://search.proquest.com/publication/1226335